|
|
|
|
| LEADER |
01313nam a2200349 i 4500 |
| 001 |
EBC6481841 |
| 003 |
MiAaPQ |
| 005 |
20210706073527.0 |
| 006 |
m o d | |
| 007 |
cr cnu|||||||| |
| 008 |
210706s2014 enka o 000 0 eng d |
| 020 |
|
|
|z 9781848882508
|q (electronic bk.)
|
| 035 |
|
|
|a (MiAaPQ)EBC6481841
|
| 035 |
|
|
|a (Au-PeEL)EBL6481841
|
| 035 |
|
|
|a (OCoLC)1239984192
|
| 040 |
|
|
|a MiAaPQ
|b eng
|e rda
|e pn
|c MiAaPQ
|d MiAaPQ
|
| 050 |
|
4 |
|a BX7343.W53
|b .P768 2014
|
| 082 |
0 |
|
|a 286.694
|2 23
|
| 245 |
0 |
0 |
|a Living responsibly :
|b ethical issues in everyday life /
|c edited by Jan Prothmann.
|
| 264 |
|
1 |
|a Oxford, England :
|b Inter-Disciplinary Press,
|c [2014]
|
| 264 |
|
4 |
|c 2014
|
| 300 |
|
|
|a 1 online resource (151 pages) :
|b illustrations
|
| 336 |
|
|
|a text
|b txt
|2 rdacontent
|
| 337 |
|
|
|a computer
|b c
|2 rdamedia
|
| 338 |
|
|
|a online resource
|b cr
|2 rdacarrier
|
| 588 |
|
|
|a Description based on print version record.
|
| 590 |
|
|
|a Electronic reproduction. Ann Arbor, MI : ProQuest, 2018. Available via World Wide Web. Access may be limited to ProQuest affiliated libraries.
|
| 650 |
|
0 |
|a Culture.
|
| 655 |
|
4 |
|a Electronic books.
|
| 700 |
1 |
|
|a Prothmann, Jan,
|e editor.
|
| 797 |
2 |
|
|a ProQuest (Firm)
|
| 856 |
4 |
0 |
|u https://ebookcentral.proquest.com/lib/matrademy/detail.action?docID=6481841
|z Click to View
|